000 01848cam a2200553 i 4500
001 1632
003 KOSZ 005
005 20250807063759.0
008 250731s1979 pl a f 001 0 pol
015 _aUWD 1980/1891
020 _a8301015128
035 _a991013280149705066
035 _a(PL-WaBN)b13581260-48omnis_nlop
035 _ab13581260
035 _a(OCoLC)749761745
035 _azz2005905308
035 _a(PL)b0000001358126
035 _a(EXLNZ-48OMNIS_NETWORK)9910049427605606
040 _aWA N
_cWA N
_dKOSZ 005/RW
046 _k1979
080 _a538.9
080 _a539.1
080 _a(07)
100 1 _aGinter, Jerzy
_d(1935-2023)
_eAutor
245 1 0 _aWstęp do fizyki atomu, cząsteczki i ciała stałego /
_cJerzy Ginter.
250 _aWydanie I.
260 _aWarszawa :
_bPaństwowe Wydawnictwo Naukowe,
_c1979.
300 _a438, [2] stron, IV strony tablic kolorowych :
_bilustracje, tabele, wykresy ;
_c25 cm.
336 _aTekst
_btxt
_2rdacontent
337 _aBez urządzenia pośredniczącego
_bn
_2rdamedia
338 _aWolumin
_bnc
_2rdacarrier
380 _aKsiążki
380 _aPublikacje dydaktyczne
380 _aPublikacje naukowe
385 _mPoziom nauczania
_aSzkoły wyższe
388 1 _a1901-2000
388 1 _a1945-1989
490 1 _aBiblioteka Fizyki,
_x0137-5059 ;
_vt. 8
504 _aBibliografia na stronach 433-[434]. Indeks.
650 7 _aCiało stałe
_2DBN
650 7 _aFizyka atomowa
_2DBN
655 7 _aPodręcznik
_2DBN
658 _aFizyka i astronomia
710 2 _aPaństwowe Wydawnictwo Naukowe
_4pbl
830 0 _aBiblioteka Fizyki
_vt. 8
856 _uhttps://koha.tu.koszalin.pl/cgi-bin/koha/opac-detail.pl?biblionumber=1632
_yKatalog online BPK
942 _2UKD
_cKS
999 _c1632
_d1632